The Oxford handbook of modern diplomacy / (Record no. 4371)

000 -LEADER
fixed length control field 01654cam a2200433 a 4500
001 - CONTROL NUMBER
control field 17792074
003 - CONTROL NUMBER IDENTIFIER
control field OSt
005 - DATE AND TIME OF LATEST TRANSACTION
control field 20241111120755.0
008 - FIXED-LENGTH DATA ELEMENTS--GENERAL INFORMATION
fixed length control field 130626s2013 enka b 001 0 eng d
010 ## - LIBRARY OF CONGRESS CONTROL NUMBER
LC control number 2012454371
016 7# - NATIONAL BIBLIOGRAPHIC AGENCY CONTROL NUMBER
Record control number 016209962
Source Uk
020 ## - INTERNATIONAL STANDARD BOOK NUMBER
International Standard Book Number 9780199588862
020 ## - INTERNATIONAL STANDARD BOOK NUMBER
International Standard Book Number 9780198743668
035 ## - SYSTEM CONTROL NUMBER
System control number (OCoLC)ocn811004936
040 ## - CATALOGING SOURCE
Original cataloging agency BTCTA
Language of cataloging eng
Transcribing agency BTCTA
Modifying agency UKMGB
-- YDXCP
-- CDX
-- YNK
-- WCL
-- OKU
-- BWX
-- CHVBK
-- OBE
-- DLC
042 ## - AUTHENTICATION CODE
Authentication code lccopycat
050 00 - LIBRARY OF CONGRESS CALL NUMBER
Classification number JZ1405.O94 2013
245 04 - TITLE STATEMENT
Title The Oxford handbook of modern diplomacy /
Statement of responsibility, etc edited by Andrew F. Cooper, Jorge Heine, and Ramesh Thakur.
246 30 - VARYING FORM OF TITLE
Title proper/short title Modern diplomacy
260 ## - PUBLICATION, DISTRIBUTION, ETC. (IMPRINT)
Place of publication, distribution, etc Oxford, U.K. :
Name of publisher, distributor, etc Oxford University Press,
Date of publication, distribution, etc 2013.
300 ## - PHYSICAL DESCRIPTION
Extent xxxv, 953 p. :
Other physical details ill. ;
Dimensions 26 cm.
490 0# - SERIES STATEMENT
Series statement Oxford handbooks
500 ## - GENERAL NOTE
General note Series information from dust jacket.
504 ## - BIBLIOGRAPHY, ETC. NOTE
Bibliography, etc Includes bibliographical references and index.
650 #0 - SUBJECT ADDED ENTRY--TOPICAL TERM
Topical term or geographic name as entry element Diplomacy.
650 #7 - SUBJECT ADDED ENTRY--TOPICAL TERM
Topical term or geographic name as entry element Diplomatie.
Source of heading or term gnd
650 #7 - SUBJECT ADDED ENTRY--TOPICAL TERM
Topical term or geographic name as entry element Internationale Politik.
Source of heading or term gnd
700 1# - ADDED ENTRY--PERSONAL NAME
Personal name Cooper, Andrew Fenton,
Dates associated with a name 1950-
700 1# - ADDED ENTRY--PERSONAL NAME
Personal name Heine, Jorge.
700 1# - ADDED ENTRY--PERSONAL NAME
Personal name Thakur, Ramesh Chandra,
Dates associated with a name 1948-
830 #0 - SERIES ADDED ENTRY--UNIFORM TITLE
Uniform title Oxford handbooks.
856 42 - ELECTRONIC LOCATION AND ACCESS
Materials specified Contributor biographical information
Uniform Resource Identifier <a href="http://www.loc.gov/catdir/enhancements/fy1403/2012454371-b.html">http://www.loc.gov/catdir/enhancements/fy1403/2012454371-b.html</a>
856 42 - ELECTRONIC LOCATION AND ACCESS
Materials specified Publisher description
Uniform Resource Identifier <a href="http://www.loc.gov/catdir/enhancements/fy1403/2012454371-d.html">http://www.loc.gov/catdir/enhancements/fy1403/2012454371-d.html</a>
856 41 - ELECTRONIC LOCATION AND ACCESS
Materials specified Table of contents only
Uniform Resource Identifier <a href="http://www.loc.gov/catdir/enhancements/fy1403/2012454371-t.html">http://www.loc.gov/catdir/enhancements/fy1403/2012454371-t.html</a>
906 ## - LOCAL DATA ELEMENT F, LDF (RLIN)
a 7
b cbc
c copycat
d 2
e ncip
f 20
g y-gencatlg
942 ## - ADDED ENTRY ELEMENTS (KOHA)
Source of classification or shelving scheme
Koha item type Book
Holdings
Withdrawn status Lost status Source of classification or shelving scheme Damaged status Not for loan Home library Current library Shelving location Date acquired Total Checkouts Full call number Barcode Date last seen Copy number Price effective from Koha item type
          Riara University Library Riara University Library General stack 08/11/2024   JZ1405.O94 2013 10712/24 11/11/2024 C.1 11/11/2024 Book
          Riara University Library Riara University Library General stack 08/11/2024   JZ1405.O94 2013 10713/24 11/11/2024 C.2 11/11/2024 Book

Riara University Library,
P.O. Box 49940-00100,
Nairobi, Kenya.